[Event "Belgrade (Women) 56th"]
[Site "Belgrade"]
[Date "2025.03.03"]
[Round "3"]
[White "Bhakti, Kulkarni"]
[Black "Mehmed, Elif"]
[Result "1-0"]
[WhiteElo "2357"]
[BlackElo "2265"]
[PlyCount "61"]
[EventDate "2025.03.01"]
[EventType "tourn"]
[EventRounds "9"]
[EventCountry "SRB"]
[SourceTitle "CB11_2025"]
[SourceDate "2025.03.12"]
[SourceVersion "1"]
[SourceVersionDate "2025.03.12"]
[SourceQuality "1"]

1. d4 d5 2. c4 e6 3. Nf3 Nf6 4. g3 Bb4+ 5. Bd2 a5 6. Qc1 0-0 7. Bg2 c5 8. cxd5 cxd4 9. Nxd4 Nxd5 10. 0-0 Qb6 11. Nc2 Be7 12. Nc3 Nb4 13. Be3 Qa6 14. Nd4 Bd7 15. a3 N4c6 16. Nb3 Qc4 17. Nd2 Qg4 18. h3 Qh5 19. Nc4 Na6 20. Rd1 Rad8 21. Bb6 Nc5 22. Bxd8 Nb3 23. Qf4 Rxd8 24. Rab1 e5 25. Qf3 Qh6 26. Nd5 Nbd4 27. Nxe7+ Nxe7 28. Qxb7 Nec6 29. e3 Bc8 30. Qc7 Ne2+ 31. Kh2 1-0

[Event "Benidorm Bali op-A 21st"]
[Site "Benidorm"]
[Date "2024.12.02"]
[Round "5"]
[White "Bhakti, Kulkarni"]
[Black "Abergel, Thal"]
[Result "0-1"]
[WhiteElo "2345"]
[BlackElo "2408"]
[PlyCount "64"]
[EventDate "2024.11.29"]
[EventType "swiss"]
[EventRounds "9"]
[EventCountry "ESP"]
[SourceTitle "CB50_2024"]
[SourceDate "2024.11.01"]
[SourceVersion "1"]
[SourceVersionDate "2024.11.01"]
[SourceQuality "2"]

1. d4 d5 2. c4 e6 3. Nf3 Nf6 4. g3 Be7 5. Bg2 0-0 6. 0-0 c6 7. Qc2 b6 8. Rd1 Ba6 9. b3 Nbd7 10. a4 Rc8 11. a5 dxc4 12. bxc4 b5 13. c5 b4 14. Bf1 Rb8 15. Nbd2 Qc8 16. Nb3 Nd5 17. Bd2 f5 18. e4 fxe4 19. Qxe4 N7f6 20. Qe5 Ng4 21. Qe4 Ndf6 22. Qf4 h5 23. Bxa6 Qxa6 24. Be1 Qe2 25. Rd2 Qc4 26. Rb2 Qd5 27. Nh4 Ne4 28. Ng6 Rbe8 29. Nxf8 Rxf8 30. f3 Rxf4 31. gxf4 Bf6 32. Rd1 Nc3 0-1

[Event "IND-ch (Women) 50th"]
[Site "Karaikudi"]
[Date "2024.10.12"]
[Round "10"]
[White "Prishita, Gupta"]
[Black "Bhakti, Kulkarni"]
[Result "0-1"]
[WhiteElo "1974"]
[BlackElo "2363"]
[PlyCount "92"]
[EventDate "2024.10.03"]
[EventType "swiss"]
[EventRounds "11"]
[EventCountry "IND"]
[SourceTitle "CB47_2024"]
[SourceDate "2024.11.20"]
[SourceVersion "1"]
[SourceVersionDate "2024.11.20"]
[SourceQuality "1"]

1. e4 e6 2. d4 d5 3. e5 c5 4. c3 Nc6 5. Nf3 Qb6 6. Bd3 cxd4 7. 0-0 Bd7 8. Re1 Nh6 9. Nbd2 dxc3 10. bxc3 Ng4 11. Qe2 Nxf2 12. Rb1 Nh3+ 13. Kh1 Nf4 14. Qf1 Qc7 15. Bxh7 Be7 16. Bc2 Nh5 17. Qf2 Nb4 18. cxb4 Qxc2 19. Rb2 Qg6 20. Nf1 Bb5 21. Kg1 Bd3 22. Be3 0-0 23. h3 Bxf1 24. Qxf1 a6 25. Rc1 Rfc8 26. g4 Ng3 27. Qf2 Rxc1+ 28. Bxc1 Rc8 29. Be3 Qe4 30. Bc5 Bxc5 31. bxc5 Qf4 32. Nd2 Ne2+ 33. Kf1 Qxf2+ 34. Kxf2 Nc3 35. Rxb7 Rxc5 36. Ke3 Ra5 37. Nf3 Ne4 38. Rb2 Ra3+ 39. Kf4 Ra4 40. Ng5 Nxg5+ 41. Kxg5 Re4 42. Rb8+ Kh7 43. Ra8 Rxe5+ 44. Kh4 d4 45. Rb8 d3 46. Rb1 Re3 0-1

[Event "IND-ch (Women) 50th"]
[Site "Karaikudi"]
[Date "2024.10.09"]
[Round "7"]
[White "Bhakti, Kulkarni"]
[Black "Harini, S."]
[Result "1-0"]
[WhiteElo "2363"]
[BlackElo "1903"]
[PlyCount "149"]
[EventDate "2024.10.03"]
[EventType "swiss"]
[EventRounds "11"]
[EventCountry "IND"]
[SourceTitle "CB47_2024"]
[SourceDate "2024.11.20"]
[SourceVersion "1"]
[SourceVersionDate "2024.11.20"]
[SourceQuality "1"]

1. d4 Nf6 2. c4 e6 3. g3 d5 4. Bg2 dxc4 5. Nf3 a6 6. 0-0 Nc6 7. a4 Rb8 8. Qc2 b5 9. axb5 axb5 10. Rd1 Nb4 11. Qd2 Be7 12. b3 cxb3 13. Nc3 Bb7 14. Qb2 0-0 15. Qxb3 Ne4 16. Bb2 Nxc3 17. Bxc3 Nd5 18. Ba5 b4 19. Qc4 Qd6 20. e4 Ba6 21. Qc2 Nc3 22. Rd2 c5 23. e5 Qd7 24. dxc5 Qc8 25. Bb6 Bb7 26. Ra5 Be4 27. Qb3 Nd5 28. Ba7 Rb7 29. Rd4 Qc7 30. Bb6 Nxb6 31. Rxe4 Nd5 32. Ra1 Bxc5 33. Ne1 Ra7 34. Rxa7 Qxa7 35. Nd3 Rb8 36. Rc4 Qa1+ 37. Rc1 Bxf2+ 38. Kf1 Qa3 39. Bxd5 exd5 40. Qxa3 bxa3 41. Kxf2 Kf8 42. Ra1 Rb3 43. Ke3 Ke7 44. Kd4 f6 45. e6 Kd6 46. Ra2 h5 47. h3 g5 48. g4 h4 49. Ra1 Ke7 50. Ra2 Kd6 51. Ra1 Ke7 52. Rc1 Kd6 53. Rc8 Rb6 54. Ra8 Kxe6 55. Rxa3 f5 56. Ra8 fxg4 57. hxg4 Kf7 58. Kxd5 Kg7 59. Ra7+ Kf6 60. Rh7 Rb3 61. Ke4 Ra3 62. Rh6+ Kg7 63. Rh5 Kf6 64. Nc5 Ra7 65. Rh6+ Kg7 66. Rb6 Ra5 67. Ne6+ Kf7 68. Nd4 Rc5 69. Rb5 Rxb5 70. Nxb5 Kf6 71. Nd4 Kg6 72. Ke5 h3 73. Nf3 Kh6 74. Kf6 h2 75. Nxh2 1-0

[Event "Swiss Queens Wed #33"]
[Site "FIDE Online Arena INT"]
[Date "2024.09.11"]
[Round "7"]
[White "Bhakti, Kulkarni"]
[Black "Bashirli, Saadat"]
[Result "1-0"]
[WhiteElo "2363"]
[BlackElo "1894"]
[PlyCount "41"]
[EventDate "2024.09.11"]
[EventType "swiss (blitz)"]
[EventRounds "11"]
[EventCountry "NET"]
[SourceTitle "EXT 2025"]
[Source "ChessBase"]
[SourceDate "2024.10.14"]
[SourceVersion "1"]
[SourceVersionDate "2024.10.14"]
[SourceQuality "1"]

1. d4 d5 2. Nf3 e6 3. e3 c5 4. b3 Nf6 5. Bd3 Nc6 6. 0-0 Bd6 7. Bb2 0-0 8. Nbd2 Re8 9. Ne5 Qc7 10. f4 cxd4 11. exd4 Ne7 12. Ndf3 Ng6 13. Ng5 Rf8 14. Rc1 Bxe5 15. fxe5 Nd7 16. Qh5 h6 17. Nxe6 fxe6 18. Qxg6 Rxf1+ 19. Rxf1 Nf8 20. Qe8 Bd7 21. Rxf8# 1-0

[Event "Swiss Queens Wed #33"]
[Site "FIDE Online Arena INT"]
[Date "2024.09.11"]
[Round "8"]
[White "Bhakti, Kulkarni"]
[Black "Jakubowska, Anna"]
[Result "1-0"]
[WhiteElo "2363"]
[BlackElo "2139"]
[PlyCount "43"]
[EventDate "2024.09.11"]
[EventType "swiss (blitz)"]
[EventRounds "11"]
[EventCountry "NET"]
[SourceTitle "EXT 2025"]
[Source "ChessBase"]
[SourceDate "2024.10.14"]
[SourceVersion "1"]
[SourceVersionDate "2024.10.14"]
[SourceQuality "1"]

1. d4 f5 2. Nf3 Nf6 3. b3 g6 4. Bb2 Bg7 5. e3 0-0 6. Be2 d6 7. 0-0 e5 8. dxe5 Ng4 9. Nbd2 Nxe5 10. Nxe5 dxe5 11. Nc4 Qxd1 12. Rfxd1 Re8 13. Bxe5 Rxe5 14. Rd8+ Kf7 15. Rxc8 Re7 16. Rd1 b5 17. Na5 Bc3 18. Nb7 c6 19. Nd8+ Kf6 20. Nxc6 Nxc6 21. Rxc6+ Kg7 22. Rxc3 1-0

[Event "Swiss Queens Wed #33"]
[Site "FIDE Online Arena INT"]
[Date "2024.09.11"]
[Round "3"]
[White "Gunina, Valentina"]
[Black "Bhakti, Kulkarni"]
[Result "1-0"]
[WhiteElo "2425"]
[BlackElo "2363"]
[PlyCount "51"]
[EventDate "2024.09.11"]
[EventType "swiss (blitz)"]
[EventRounds "11"]
[EventCountry "NET"]
[SourceTitle "EXT 2025"]
[Source "ChessBase"]
[SourceDate "2024.10.14"]
[SourceVersion "1"]
[SourceVersionDate "2024.10.14"]
[SourceQuality "1"]

1. d4 d6 2. e4 g6 3. Nf3 Bg7 4. Be2 c6 5. 0-0 Nd7 6. Nc3 Qc7 7. Bg5 h6 8. Be3 Ngf6 9. Qd2 Ng4 10. Bf4 e5 11. Bg3 0-0 12. dxe5 dxe5 13. Rad1 Re8 14. Nh4 Ngf6 15. f4 exf4 16. Bxf4 Qb6+ 17. Kh1 Qxb2 18. Bxh6 Bxh6 19. Qxh6 Qxc3 20. Rd3 Qxc2 21. Nf5 gxf5 22. Rg3+ Ng4 23. Bxg4 f4 24. Rxf4 Nf8 25. Be6+ Ng6 26. Bxf7# 1-0

[Event "Speed Chess (Women) Play In 3"]
[Site "Chess.com INT"]
[Date "2024.08.15"]
[Round "9"]
[White "Bhakti, Kulkarni"]
[Black "Abrahamyan, Tatev"]
[Result "0-1"]
[WhiteElo "2363"]
[BlackElo "2327"]
[PlyCount "66"]
[EventDate "2024.08.15"]
[EventType "swiss (blitz)"]
[EventRounds "11"]
[EventCountry "USA"]
[SourceTitle "CBM 221 Extra"]
[Source "ChessBase"]
[SourceDate "2024.09.30"]
[SourceVersion "1"]
[SourceVersionDate "2024.09.30"]
[SourceQuality "1"]

1. d4 Nf6 2. Nf3 e6 3. e3 c5 4. Bd3 b6 5. 0-0 Bb7 6. c4 Be7 7. Nc3 cxd4 8. exd4 d5 9. b3 0-0 10. Bb2 Nc6 11. Rc1 Rc8 12. Re1 dxc4 13. bxc4 Na5 14. Qe2 Bxf3 15. gxf3 Nh5 16. Qe4 g6 17. d5 Nb7 18. Bb1 Nc5 19. Qg4 f5 20. Qd4 Bf6 21. Qe3 e5 22. Nb5 Nf4 23. Bxe5 Bxe5 24. Kh1 Re8 25. d6 a6 26. Nc7 Qxd6 27. Nxe8 Rxe8 28. Rcd1 Qf6 29. a3 Qh4 30. Rg1 Nd5 31. Qxe5 Rxe5 32. cxd5 Qxf2 33. d6 Qxf3+ 0-1

[Event "Speed Chess (Women) Play In 3"]
[Site "Chess.com INT"]
[Date "2024.08.15"]
[Round "2"]
[White "Bian, Erin"]
[Black "Bhakti, Kulkarni"]
[Result "1-0"]
[WhiteElo "2067"]
[BlackElo "2363"]
[PlyCount "97"]
[EventDate "2024.08.15"]
[EventType "swiss (blitz)"]
[EventRounds "11"]
[EventCountry "USA"]
[SourceTitle "CBM 221 Extra"]
[Source "ChessBase"]
[SourceDate "2024.09.30"]
[SourceVersion "1"]
[SourceVersionDate "2024.09.30"]
[SourceQuality "1"]

1. e4 g6 2. d4 Bg7 3. Nf3 c6 4. Nc3 d5 5. exd5 cxd5 6. Be3 Nf6 7. h3 0-0 8. Bd3 Nc6 9. Qd2 a6 10. Bh6 Nb4 11. Bxg7 Nxd3+ 12. Qxd3 Kxg7 13. 0-0 Bf5 14. Qd2 b5 15. a3 Rc8 16. Rfe1 Ne4 17. Nxe4 Bxe4 18. c3 Bxf3 19. gxf3 Qd7 20. Kg2 Rc6 21. Qe3 Re6 22. Qf4 Rf6 23. Qe5 Re8 24. Re3 Kg8 25. Rae1 Rf5 26. Qg3 e6 27. f4 f6 28. h4 Kf7 29. Kf1 Qd6 30. Rf3 a5 31. Qg4 Rg8 32. Rfe3 Re8 33. Rf3 Qc7 34. Kg2 Qb8 35. Kf1 b4 36. axb4 axb4 37. Kg2 b3 38. Ra1 Re7 39. Ra3 Ra7 40. Rxa7+ Qxa7 41. Re3 Qa1 42. Qe2 Rxf4 43. Rxe6 Kg7 44. Re7+ Kh6 45. Qe3 g5 46. hxg5+ Kxg5 47. Rg7+ Kf5 48. Qh3+ Ke4 49. Re7# 1-0

[Event "Speed Chess (Women) Play In 3"]
[Site "Chess.com INT"]
[Date "2024.08.15"]
[Round "5"]
[White "Siekanska, Maria"]
[Black "Bhakti, Kulkarni"]
[Result "0-1"]
[WhiteElo "2097"]
[BlackElo "2363"]
[PlyCount "48"]
[EventDate "2024.08.15"]
[EventType "swiss (blitz)"]
[EventRounds "11"]
[EventCountry "USA"]
[SourceTitle "CBM 221 Extra"]
[Source "ChessBase"]
[SourceDate "2024.09.30"]
[SourceVersion "1"]
[SourceVersionDate "2024.09.30"]
[SourceQuality "1"]

1. d4 d6 2. Nf3 Bg4 3. g3 Bxf3 4. exf3 e6 5. Bg2 c6 6. c4 d5 7. Qb3 Qd7 8. 0-0 g6 9. f4 Bg7 10. cxd5 cxd5 11. Be3 Nc6 12. Rd1 Nge7 13. g4 h5 14. h3 hxg4 15. hxg4 Rh4 16. Bf3 0-0-0 17. Nc3 Rdh8 18. Na4 Rh3 19. Nc5 Qc7 20. Kg2 Rh2+ 21. Kg1 Nxd4 22. Bxd4 Bxd4 23. Rxd4 Qxc5 24. Rdd1 Qxf2# 0-1

[Event "Geneve op 36th"]
[Site "Geneve"]
[Date "2024.05.20"]
[Round "6"]
[White "Ben Ari, Yannay"]
[Black "Bhakti, Kulkarni"]
[Result "1/2-1/2"]
[WhiteElo "2438"]
[BlackElo "2348"]
[PlyCount "146"]
[EventDate "2024.05.17"]
[EventType "swiss"]
[EventRounds "7"]
[EventCountry "SUI"]
[SourceTitle "CBM 220 Extra"]
[Source "ChessBase"]
[SourceDate "2024.07.31"]
[SourceVersion "1"]
[SourceVersionDate "2024.07.31"]
[SourceQuality "1"]

1. c4 e6 2. g3 Nf6 3. Bg2 d5 4. Nf3 dxc4 5. Qa4+ Nbd7 6. Qxc4 a6 7. Qc2 c5 8. Nc3 Ra7 9. 0-0 b5 10. a4 b4 11. Nd1 a5 12. d3 Bb7 13. b3 Be7 14. Bb2 0-0 15. e4 Qa8 16. Ne3 Rd8 17. Nc4 Ra6 18. Rad1 Ne8 19. Nfe5 Nxe5 20. Nxe5 Nd6 21. Qxc5 Nf5 22. Qc1 f6 23. Nf3 Nh6 24. Rfe1 Rc6 25. Qb1 Rcd6 26. Qc2 Kh8 27. d4 f5 28. Ne5 fxe4 29. Bxe4 Bxe4 30. Qxe4 Bf6 31. Nc4 Qxe4 32. Rxe4 Ra6 33. Rde1 Nf5 34. Rxe6 Rxe6 35. Rxe6 Bxd4 36. Ra6 Bxb2 37. Nxb2 h6 38. Nc4 Rd3 39. Nxa5 Nd4 40. Kg2 Nxb3 41. Nc6 Nc5 42. Ra5 Rc3 43. Nxb4 Rc4 44. Nd5 Nxa4 45. Ne3 Rb4 46. Nf5 Nb2 47. Ra8+ Kh7 48. Ra7 Rg4 49. f4 Nc4 50. Rc7 Nb6 51. Kf3 Rg6 52. g4 Nd5 53. Rb7 Nf6 54. h3 Ne8 55. Re7 Nd6 56. Nd4 Rf6 57. Rd7 Kg8 58. h4 g5 59. hxg5 hxg5 60. f5 Nf7 61. Ke4 Rh6 62. Nf3 Rh1 63. Ra7 Rb1 64. f6 Rb4+ 65. Kf5 Rf4+ 66. Ke6 Nd8+ 67. Kd7 Rxf3 68. Kxd8 Rxf6 69. Ra5 Kf7 70. Rxg5 Rg6 71. Rxg6 Kxg6 72. Kd7 Kg5 73. Kc8 Kxg4 1/2-1/2